Normal view MARC view
  • Chhabra T N & Taneja P L

Entry Personal Name

Number of records used in: 1

001 - CONTROL NUMBER

  • control field: 110834

003 - CONTROL NUMBER IDENTIFIER

  • control field: OSt

005 - DATE AND TIME OF LATEST TRANSACTION

  • control field: 20230125043843.0

008 - FIXED-LENGTH DATA ELEMENTS

  • fixed length control field: 230125|| aca||aabn | a|a d

040 ## - CATALOGING SOURCE

  • Original cataloging agency: OSt
  • Transcribing agency: OSt

100 ## - HEADING--PERSONAL NAME

  • Personal name: Chhabra T N & Taneja P L

670 ## - SOURCE DATA FOUND

  • Source citation: Work cat.: (OSt)87695: Chhabra T N 110833, Law and practice of banking, 1991